| 000 | 00408nam a2200133Ia 4500 | ||
|---|---|---|---|
| 008 | 180922s9999 xx 000 0 und d | ||
| 020 | _a9780470903025 | ||
| 100 | _aSandler,Corey. | ||
| 245 |
_cCorey Sandler.-- _aBrilliant blackberry apps for dummies / |
||
| 260 |
_aNew Jersey : _bWiley Publishing _c2011 |
||
| 300 | _axii, 227 pages. | ||
| 650 | _aBlackBerry (Smartphone). | ||
| 650 | _aMobile applications. | ||
| 999 |
_c358817 _d358817 |
||